[Event "AUTO-OPEN-1740"]
[Site "http://www.queenalice.com/game.php?id=737155"]
[Date "2010.2.24"]
[Round "2"]
[White "egosofico"]
[Black "secretguy"]
[Result "1/2-1/2"]
[WhiteElo "2040"]
[BlackElo "2094"]

1. e4 c5 2. Nf3 d6 3. d4 cxd4 4. Nxd4 Nf6 5. Nc3 a6 6. Bd3 g6 7. Be3 Bg7 8. f3
O-O 9. Qd2 e5 10. Nde2 Nc6 11. a3 b5 12. g4 Be6 13. Ng3 Rc8 14. Bh6 Nd4 15. Rf1
Nxf3+ 16. Rxf3 Bxh6 17. Qxh6 Nxg4 18. Qd2 Qh4 19. O-O-O Nxh2 20. Re3 Ng4 21. Rh1
Qg5 22. Rf3 Qxd2+ 23. Kxd2 h5 24. Be2 f6 25. Rd3 Rfd8 26. Nxh5 gxh5 27. Rxh5 Kf7
28. Rg3 Rg8 29. Rh4 Nh6 30. Rxg8 Nxg8 31. Rh7+ Kg6 32. Ra7 Rc6 33. a4 b4 34. Nd1
Bc8 35. Ne3 Rc5 36. Bxa6 Ra5 37. Ra8 Bxa6 38. Rxg8+ Kf7 39. Rb8 Rxa4 40. b3 Ra5
41. Rxb4 Rb5 42. Rxb5 Bxb5 43. c4 Bc6 44. Kd3 Ke6 45. b4 Bb7 46. c5 Ba6+ 47. Kc3
dxc5 48. bxc5 Bb7 49. Kd3 Ba6+ 50. Kc3 Bb7 51. Kd3 Bc6 52. Nf5 Bb5+ 53. Kc3 Bc6
54. Nd6 Kd7 55. Kd3 Kc7 56. Kc4 Kd7 57. Kd3 Ke6 1/2-1/2

[Event "AUTO-OPEN-1740"]
[Site "http://www.queenalice.com/game.php?id=737156"]
[Date "2010.2.24"]
[Round "2"]
[White "secretguy"]
[Black "egosofico"]
[Result "1/2-1/2"]
[WhiteElo "2092"]
[BlackElo "2042"]

1. c4 Nf6 2. d4 e6 3. Nf3 d5 4. e3 c5 5. Nc3 Nc6 6. Be2 Be7 7. O-O O-O 8. b3 b6
9. Bb2 Bb7 10. Rc1 Rc8 11. dxc5 Bxc5 12. Qc2 dxc4 13. bxc4 Qe7 14. Qb1 Rfd8 15.
Rfd1 h6 16. Nb5 a6 17. Nbd4 Rc7 18. Nxc6 Bxc6 19. Rxd8+ Qxd8 20. Nd4 Be4 21. Qa1
Nd7 22. Nb3 Qg5 23. Bf1 Nf8 24. Nxc5 Rxc5 25. Bd4 Rc6 26. Qb2 Ng6 27. f4 Qg4 28.
h3 Qg3 29. Qf2 Qxf2+ 30. Kxf2 Ne7 31. g4 f5 32. a4 g5 33. Kg3 Kf7 34. c5 bxc5
35. Rxc5 Rxc5 36. Bxc5 a5 37. Bb6 Nc6 38. Bb5 Kg6 39. fxg5 hxg5 40. Bc4 Kf6 41.
Bb5 Bd5 42. h4 gxh4+ 43. Kxh4 fxg4 44. Kxg4 Ke5 45. Bd3 Bb3 46. Bc7+ Kd5 47. Bb5
Ne5+ 48. Kf4 Nc4 49. e4+ Kc5 50. Bd7 Nb6 51. Be8 Nxa4 52. Bxa5 Nb6 53. Be1 Nc4
54. e5 Kd4 55. Bc6 Kc5 56. Be4 Nb6 57. Bf2+ Kb5 58. Bxb6 Kxb6 59. Kg5 Kc7 60.
Kf6 Kd7 61. Kf7 Bc4 62. Bc2 Bd5 63. Ba4+ Kd8 1/2-1/2

[Event "Copa Tributo A Pán!"]
[Site "http://www.queenalice.com/game.php?id=745077"]
[Date "2010.3.12"]
[Round "-"]
[White "egosofico"]
[Black "SubRoger"]
[Result "0-1"]
[WhiteElo "1978"]
[BlackElo "2047"]

1. e4 e6 2. d4 d5 3. exd5 exd5 4. c4 Bb4+ 5. Bd2 Bxd2+ 6. Qxd2 Nf6 7. Nc3 O-O 8.
Nf3 Re8+ 9. Be2 Bg4 10. O-O Bxf3 11. Bxf3 Ne4 12. Qf4 c6 13. cxd5 cxd5 14. Nxe4
dxe4 15. Bxe4 Nc6 16. Rad1 Rb8 17. Rd2 Na5 18. b3 b6 19. Rfd1 Nb7 20. Bc6 Rf8
21. Re1 Nd6 22. Rde2 Rc8 23. d5 h6 24. Re7 Rc7 25. Rxc7 Qxc7 26. g3 Kh8 27. Re5
Kg8 28. Rh5 Ne8 29. Qxc7 Nxc7 30. d6 Ne6 31. b4 Kh7 32. a4 g5 33. h4 Ng7 34. g4
Nxh5 35. gxh5 gxh4 36. Kh2 Kg7 37. Kh3 Kf6 38. Kxh4 Rg8 39. b5 Ke6 40. d7 Ke7
41. Kh3 f5 42. f3 Rg1 43. Kh4 Rh1+ 44. Kg3 Rxh5 45. Kf4 Rg5 46. Ke5 Rg1 47. Kxf5
h5 48. f4 h4 49. Ke5 Re1+ 50. Kf5 h3 51. Kg6 h2 52. f5 Rg1+ 0-1

[Event "AUTO-INT-1496"]
[Site "http://www.queenalice.com/game.php?id=745130"]
[Date "2010.3.12"]
[Round "2"]
[White "egosofico"]
[Black "juleba"]
[Result "1-0"]
[WhiteElo "1965"]
[BlackElo "1885"]

1. e4 c5 2. Nf3 Nc6 3. d4 cxd4 4. Nxd4 e5 5. Nxc6 bxc6 6. Nc3 Bc5 7. Bc4 Bb7 8.
Qf3 Nf6 9. Bg5 d5 10. exd5 cxd5 11. Bxf6 gxf6 12. Bxd5 Bxd5 13. Nxd5 Qa5+ 14. c3
Qd8 15. Nxf6+ Kf8 16. Nd7+ Qxd7 17. Qxa8+ Kg7 18. Qf3 Re8 19. O-O Kh8 20. Qf6+
Kg8 21. Rad1 Qg4 22. Rd3 Re6 23. Qd8+ Bf8 24. Rg3 Rg6 25. Rxg4 Rxg4 26. h3 Rg6
27. Re1 Rd6 28. Qa5 e4 29. Rxe4 Rd1+ 30. Kh2 Bd6+ 31. g3 Bxg3+ 32. fxg3 Rd2+ 33.
Kg1 f6 34. Rg4+ 1-0

[Event "AUTO-INT-1496"]
[Site "http://www.queenalice.com/game.php?id=745131"]
[Date "2010.3.12"]
[Round "2"]
[White "juleba"]
[Black "egosofico"]
[Result "0-1"]
[WhiteElo "1889"]
[BlackElo "1993"]

1. e4 e5 2. Nf3 Nc6 3. c3 Nf6 4. d4 exd4 5. cxd4 Nxe4 6. Bc4 Bb4+ 7. Nbd2 Nxd2
8. Bxd2 Bxd2+ 9. Qxd2 Qe7+ 10. Be2 d6 11. O-O O-O 12. Bd3 h6 13. Qf4 d5 14. a3
Be6 15. Rfe1 Rfe8 16. h4 Rad8 17. Bf5 Qf6 18. g4 Rd7 19. b4 a6 20. Rab1 Rde7 21.
Re5 Bxf5 22. Rxf5 Qe6 23. Re1 Qd7 24. Qd2 Rxe1+ 25. Nxe1 Nxd4 26. Kg2 Nxf5 27.
gxf5 Qxf5 28. f3 Qe5 29. Nd3 Qe2+ 30. Qxe2 Rxe2+ 31. Kf1 Re3 32. Ne1 Rxa3 0-1

[Event "AUTO-INT-1497"]
[Site "http://www.queenalice.com/game.php?id=746113"]
[Date "2010.3.14"]
[Round "2"]
[White "egosofico"]
[Black "Koukin"]
[Result "1-0"]
[WhiteElo "1957"]
[BlackElo "1511"]

1. e4 e5 2. Nf3 d6 3. Bc4 h6 4. O-O a6 5. c3 Nf6 6. Re1 b6 7. d4 Bb7 8. dxe5 Ng4
9. exd6 cxd6 10. h3 Nf6 11. e5 Bxf3 12. Qxf3 Nh7 13. Qxf7# 1-0

[Event "AUTO-INT-1497"]
[Site "http://www.queenalice.com/game.php?id=746114"]
[Date "2010.3.14"]
[Round "2"]
[White "Koukin"]
[Black "egosofico"]
[Result "0-1"]
[WhiteElo "1535"]
[BlackElo "1964"]

1. e4 e5 2. Nf3 Nc6 3. d3 Nf6 4. Nc3 d6 5. d4 exd4 6. Nb5 Be7 7. Bd2 Nxe4 8. Bd3
Nxd2 9. Qxd2 Bf6 10. O-O O-O 11. a4 a6 12. Nbxd4 Nxd4 13. Nxd4 Bxd4 14. c3 Be5
15. Bc2 Qh4 16. h3 Bxh3 17. Be4 Bxg2 18. Kxg2 Qxe4+ 19. f3 Qg6+ 20. Kf2 Qg3+ 21.
Ke2 Rfe8 22. Kd1 Bf4 23. Qf2 Qg6 24. Rg1 Qd3+ 25. Qd2 Qxd2# 0-1

[Event "AUTO-INT-1497"]
[Site "http://www.queenalice.com/game.php?id=746115"]
[Date "2010.3.14"]
[Round "2"]
[White "egosofico"]
[Black "rocrico"]
[Result "1-0"]
[WhiteElo "1959"]
[BlackElo "1678"]

1. e4 e6 2. d4 Bb4+ 3. c3 Ba5 4. Nf3 Nc6 5. Bf4 Nf6 6. Bd3 O-O 7. O-O d5 8. e5
Ng4 9. h3 Ne3 10. fxe3 Bd7 11. Ng5 g6 12. Nd2 h6 13. Ngf3 b6 14. Bxh6 Re8 15.
Bg5 Qc8 16. Nh4 Rf8 17. Nxg6 fxg6 18. Bf6 Rf7 19. Bxg6 Qf8 20. Qh5 Rg7 21. Bxg7
Qxg7 22. Rf7 Be8 23. Rxg7+ Kxg7 24. Qh7+ Kf8 25. Rf1+ Bf7 26. Qxf7# 1-0

[Event "AUTO-INT-1497"]
[Site "http://www.queenalice.com/game.php?id=746116"]
[Date "2010.3.14"]
[Round "2"]
[White "rocrico"]
[Black "egosofico"]
[Result "0-1"]
[WhiteElo "1695"]
[BlackElo "1966"]

1. d3 e5 2. Nc3 Nf6 3. e3 d5 4. d4 e4 5. Bb5+ c6 6. Ba4 Bd6 7. Nge2 Bg4 8. h3
Bf5 9. g4 Bd7 10. Nf4 h6 11. Ng2 g5 12. Bd2 Na6 13. Qe2 Nb4 14. Rc1 b5 15. Nxb5
cxb5 16. Bb3 a5 17. a3 Na6 18. Ba2 b4 19. a4 Bxa4 20. b3 Bc6 21. Ra1 Qd7 22. Bb1
Nc7 23. c3 O-O 24. c4 dxc4 25. bxc4 Be7 26. d5 Bb7 27. h4 Nxg4 28. h5 Nf6 29.
Bc2 a4 30. Rb1 b3 31. Bd1 Rfb8 32. Bc3 Ba6 33. Qd2 Nce8 34. Ba5 Bxc4 35. Bc3
Qxd5 36. Qb2 a3 37. Qc1 a2 38. Ra1 Ba3 39. Nf4 gxf4 40. Rg1+ Kf8 41. Qd2 Qxd2+
42. Bxd2 f3 43. Bc3 b2 44. Bc2 bxa1=Q+ 45. Bxa1 Bb2 46. Bxb2 Rxb2 47. Bd1 a1=Q
48. Rg3 Qxd1+ 49. Kxd1 Ra1# 0-1

[Event "Toneo ULP"]
[Site "http://www.queenalice.com/game.php?id=773575"]
[Date "2010.5.10"]
[Round "3"]
[White "carlosjvega"]
[Black "egosofico"]
[Result "0-1"]
[WhiteElo "1443"]
[BlackElo "2038"]

1. e4 e5 2. Nf3 Nc6 3. c4 Nf6 4. d3 Bc5 5. Bg5 h6 6. Bxf6 Qxf6 7. Nc3 Nd4 8. Nd5
Nxf3+ 9. Qxf3 Qxf3 10. gxf3 Bd6 11. c5 Bxc5 12. Nxc7+ Kd8 13. Nxa8 b6 0-1

[Event "AUTO-OPEN-1740"]
[Site "http://www.queenalice.com/game.php?id=808998"]
[Date "2010.7.26"]
[Round "3"]
[White "Capelense"]
[Black "egosofico"]
[Result "1-0"]
[WhiteElo "2175"]
[BlackElo "2049"]

1. e4 e5 2. Nf3 Nc6 3. Bc4 Be7 4. d4 exd4 5. c3 d6 6. Nxd4 Nf6 7. Nd2 Ne5 8. Qe2
Nxc4 9. Nxc4 h6 10. O-O O-O 11. Bf4 d5 12. exd5 Nxd5 13. Qf3 Nxf4 14. Qxf4 Bg5
15. Qe4 c6 16. Ne3 Re8 17. Qf3 Qf6 18. Qxf6 Bxf6 19. Rad1 Be6 20. Nxe6 1-0

[Event "AUTO-OPEN-1740"]
[Site "http://www.queenalice.com/game.php?id=808999"]
[Date "2010.7.26"]
[Round "3"]
[White "egosofico"]
[Black "Capelense"]
[Result "0-1"]
[WhiteElo "2038"]
[BlackElo "2183"]

1. e4 e5 2. Nf3 Nc6 3. Bb5 a6 4. Ba4 Nf6 5. O-O Be7 6. Re1 b5 7. Bb3 O-O 8. c3
d6 9. h3 Na5 10. Bc2 c5 11. d4 Qc7 12. dxc5 dxc5 13. Nbd2 Rd8 14. Qe2 Be6 15. b3
h6 16. Nf1 Rd7 17. Be3 Rad8 18. Rad1 Rxd1 19. Rxd1 Nh5 20. Rxd8+ Qxd8 21. Nxe5
Nf6 22. Ng3 Qc7 0-1

[Event "AUTO-OPEN-1740"]
[Site "http://www.queenalice.com/game.php?id=809002"]
[Date "2010.7.26"]
[Round "3"]
[White "merth"]
[Black "egosofico"]
[Result "1-0"]
[WhiteElo "2395"]
[BlackElo "2044"]

1. e4 e5 2. Nf3 Nc6 3. Bb5 d6 4. d4 Bd7 5. d5 Nce7 6. Nc3 a6 7. Bxd7+ Qxd7 8.
O-O f5 9. Ng5 Nf6 10. exf5 Qxf5 11. f4 e4 12. Re1 Nexd5 13. Ncxe4 Nxe4 14. g4
1-0

[Event "AUTO-OPEN-1740"]
[Site "http://www.queenalice.com/game.php?id=809003"]
[Date "2010.7.26"]
[Round "3"]
[White "egosofico"]
[Black "merth"]
[Result "0-1"]
[WhiteElo "2051"]
[BlackElo "2400"]

1. e4 c5 2. Nf3 Nc6 3. d4 cxd4 4. Nxd4 e5 5. Nxc6 bxc6 6. Bc4 Nf6 7. Nc3 Bb4 8.
Qf3 d5 9. exd5 cxd5 10. Bb5+ Bd7 11. Bxd7+ Qxd7 12. O-O O-O 13. Bg5 Bxc3 14.
Qxc3 Ne4 15. Qe3 Rfc8 16. c3 Rab8 17. Rab1 Qf5 18. Be7 Nxc3 0-1

[Event "AUTO-OPEN-1740"]
[Site "http://www.queenalice.com/game.php?id=809006"]
[Date "2010.7.26"]
[Round "3"]
[White "egosofico"]
[Black "secretguy"]
[Result "0-1"]
[WhiteElo "2028"]
[BlackElo "2118"]

1. e4 d6 2. Nf3 e5 3. d4 Nd7 4. dxe5 dxe5 5. Bc4 c6 6. Ng5 Nh6 7. O-O Qf6 8. Nc3
b5 9. Bb3 Bc5 10. Kh1 O-O 11. f4 exf4 12. Bxf4 Ne5 13. Bxe5 Qxe5 14. Nxf7 Nxf7
15. Rxf7 Be6 16. Bxe6 Qxe6 17. Rxf8+ Rxf8 18. Qd3 Qe5 19. Rf1 Rxf1+ 20. Qxf1 Bd4
21. Qf3 b4 22. Na4 Bxb2 0-1

[Event "AUTO-OPEN-1740"]
[Site "http://www.queenalice.com/game.php?id=809007"]
[Date "2010.7.26"]
[Round "3"]
[White "secretguy"]
[Black "egosofico"]
[Result "1-0"]
[WhiteElo "2125"]
[BlackElo "2016"]

1. d4 Nf6 2. f4 c5 3. d5 d6 4. c4 e6 5. Nf3 exd5 6. cxd5 Bg4 7. e3 Nbd7 8. Be2
a6 9. O-O b5 10. a4 Qa5 11. b3 b4 12. h3 Bxf3 13. gxf3 g6 14. Nd2 Qc7 15. Bc4
Nb6 16. Bb2 Bg7 17. a5 Nxc4 18. Nxc4 O-O 19. e4 Rfe8 20. Ra2 Rad8 21. Ba1 Nh5
22. Bxg7 Kxg7 23. Qd2 Qd7 24. Qh2 1-0